Times Tables - forward - Statistics

General Stats
  • This quiz has been taken 1,151 times
    301 since last reset
  • The average score is 44 of 50
Answer Stats
Question Answer % Correct
1x10 10
100%
11x11 121
100%
5x3 15
100%
4x4 16
100%
8x2 16
100%
1x3 3
100%
18x2 36
100%
15x4 60
98%
10x10 100
97%
7x2 14
97%
7x6 42
97%
17x3 51
97%
6x9 54
97%
7x11 77
97%
9x12 108
96%
11x10 110
96%
10x12 120
96%
18x1 18
96%
3x6 18
96%
19x1 19
96%
2x2 4
96%
4x12 48
96%
12x5 60
96%
17x4 68
96%
7x10 70
96%
15x1 15
95%
6x3 18
95%
9x2 18
95%
5x8 40
95%
5x1 5
95%
12x10 120
94%
2x7 14
94%
4x5 20
94%
8x3 24
94%
5x7 35
94%
15x3 45
94%
5x9 45
94%
12x4 48
94%
5x11 55
94%
2x3 6
94%
6x11 66
94%
6x12 72
94%
7x12 84
94%
8x12 96
94%
1x11 11
93%
14x1 14
93%
5x4 20
93%
3x7 21
93%
8x4 32
93%
10x5 50
93%
7x8 56
93%
5x12 60
93%
6x10 60
93%
7x1 7
93%
14x5 70
93%
2x4 8
93%
8x11 88
93%
17x1 17
92%
4x6 24
92%
6x4 24
92%
4x7 28
92%
19x2 38
92%
14x3 42
92%
1x5 5
92%
11x8 88
92%
3x3 9
92%
9x1 9
92%
1x1 1
91%
5x2 10
91%
1x12 12
91%
6x2 12
91%
10x2 20
91%
11x2 22
91%
13x2 26
91%
6x5 30
91%
3x11 33
91%
11x3 33
91%
18x3 54
91%
6x1 6
91%
10x7 70
91%
10x11 110
90%
13x1 13
90%
3x9 27
90%
3x1 3
90%
9x6 54
90%
7x9 63
90%
9x8 72
90%
15x5 75
90%
12x7 84
90%
9x11 99
90%
4x3 12
89%
12x1 12
89%
3x5 15
89%
12x2 24
89%
8x5 40
89%
8x7 56
89%
8x8 64
89%
18x4 72
89%
1x9 9
89%
9x10 90
89%
10x9 90
89%
16x6 96
89%
10x1 10
88%
3x4 12
88%
5x5 25
88%
15x2 30
88%
7x5 35
88%
4x9 36
88%
13x3 39
88%
4x10 40
88%
6x7 42
88%
9x5 45
88%
8x6 48
88%
7x7 49
88%
16x4 64
88%
8x9 72
88%
12x6 72
88%
11x12 132
87%
12x11 132
87%
7x4 28
87%
1x4 4
87%
4x1 4
87%
11x5 55
87%
9x7 63
87%
11x7 77
87%
4x2 8
87%
12x9 108
86%
16x1 16
86%
3x10 30
86%
10x3 30
86%
17x2 34
86%
14x4 56
86%
3x2 6
86%
12x8 96
86%
2x8 16
85%
1x2 2
85%
2x10 20
85%
2x11 22
85%
2x12 24
85%
9x3 27
85%
5x6 30
85%
3x12 36
85%
12x3 36
85%
4x11 44
85%
16x3 48
85%
10x6 60
85%
1x7 7
85%
8x10 80
85%
2x5 10
84%
11x1 11
84%
12x12 144
84%
3x8 24
84%
14x2 28
84%
9x4 36
84%
10x4 40
84%
18x5 90
84%
13x13 169
83%
2x9 18
83%
4x8 32
83%
5x10 50
83%
19x3 57
83%
11x6 66
83%
8x1 8
83%
10x8 80
83%
6x8 48
82%
13x4 52
82%
1x6 6
82%
16x5 80
82%
2x1 2
81%
7x3 21
81%
15x15 225
81%
9x9 81
81%
11x9 99
81%
6x6 36
79%
11x4 44
79%
13x5 65
79%
16x16 256
78%
19x4 76
78%
1x8 8
76%
16x2 32
75%
2x6 12
74%
14x14 196
73%
17x5 85
71%
19x5 95
71%
No matching quizzes found
Score Distribution
Percent of People with Each Score
Percentile by Number Answered
Your Score History
You have not taken this quiz since the last reset